[Event "ESP-ch U10 rapid"]
[Site "Salobrena"]
[Date "2024.07.07"]
[Round "5"]
[White "Cabrera Alba, Juan"]
[Black "Beneyto De Ramon, Jaime"]
[Result "1-0"]
[WhiteElo "1599"]
[BlackElo "1470"]
[PlyCount "111"]
[EventDate "2024.07.06"]
[EventType "swiss (rapid)"]
[EventRounds "9"]
[EventCountry "ESP"]
[SourceTitle "EXT 2025"]
[Source "ChessBase"]
[SourceDate "2024.10.14"]
[SourceVersion "1"]
[SourceVersionDate "2024.10.14"]
[SourceQuality "1"]

1. e4 e5 2. Nf3 Nc6 3. Bb5 a6 4. Ba4 d6 5. 0-0 Nge7 6. Nc3 Bd7 7. d3 h6 8. Be3 Ng6 9. Bxc6 Bxc6 10. d4 Be7 11. dxe5 Nxe5 12. Nxe5 dxe5 13. Qxd8+ Rxd8 14. Rad1 0-0 15. Rxd8 Rxd8 16. f3 Bg5 17. Bxg5 hxg5 18. Rd1 Rxd1+ 19. Nxd1 Kf8 20. Ne3 g6 21. Ng4 f5 22. exf5 gxf5 23. Nxe5 Bd5 24. a3 Ke7 25. Nd3 b6 26. Kf2 Kf6 27. f4 g4 28. g3 Be4 29. Ne1 c5 30. c3 a5 31. Ke3 b5 32. b3 b4 33. cxb4 cxb4 34. axb4 axb4 35. Nd3 Bxd3 36. Kxd3 Ke6 37. Kc4 Kd6 38. Kxb4 Kc6 39. Kc4 Kb6 40. Kb4 Kc6 41. Ka5 Kb7 42. Kb5 Kc7 43. Ka6 Kb8 44. b4 Ka8 45. b5 Kb8 46. Kb6 Kc8 47. Ka7 Kc7 48. b6+ Kc6 49. b7 Kb5 50. b8Q+ Ka4 51. Kb7 Ka3 52. Kc6 Ka2 53. Kc5 Ka1 54. Kc4 Ka2 55. Kc3 Ka1 56. Qb2# 1-0

[Event "ESP-ch U10 rapid"]
[Site "Salobrena"]
[Date "2024.07.07"]
[Round "6"]
[White "Otero Ramirez, Martin"]
[Black "Cabrera Alba, Juan"]
[Result "1-0"]
[WhiteElo "1692"]
[BlackElo "1599"]
[PlyCount "63"]
[EventDate "2024.07.06"]
[EventType "swiss (rapid)"]
[EventRounds "9"]
[EventCountry "ESP"]
[SourceTitle "EXT 2025"]
[Source "ChessBase"]
[SourceDate "2024.10.14"]
[SourceVersion "1"]
[SourceVersionDate "2024.10.14"]
[SourceQuality "1"]

1. e4 e5 2. Nf3 Nc6 3. Bb5 Nf6 4. 0-0 Nxe4 5. Qe2 Nd6 6. Bxc6 bxc6 7. Qxe5+ Be7 8. Re1 0-0 9. Qxe7 Re8 10. Qxd8 Rxd8 11. d3 Ba6 12. Nc3 Re8 13. Bf4 Rxe1+ 14. Rxe1 Re8 15. Bxd6 Rxe1+ 16. Nxe1 cxd6 17. Ne4 d5 18. Nc5 Bc8 19. Nf3 Kf8 20. Kf1 Ke7 21. Ke2 Kd6 22. d4 f5 23. Kd3 g6 24. Ng5 h6 25. Nf7+ Ke7 26. Ne5 d6 27. Nxc6+ Ke8 28. Nxa7 Bd7 29. Nxd7 Kxd7 30. c4 dxc4+ 31. Kxc4 Ke6 32. Nc6 1-0

[Event "ESP-ch U10 rapid"]
[Site "Salobrena"]
[Date "2024.07.06"]
[Round "1"]
[White "Cabrera Alba, Juan"]
[Black "Castejon Tofe, Francisco Javier"]
[Result "0-1"]
[WhiteElo "1599"]
[BlackElo "1409"]
[PlyCount "54"]
[EventDate "2024.07.06"]
[EventType "swiss (rapid)"]
[EventRounds "9"]
[EventCountry "ESP"]
[SourceTitle "EXT 2025"]
[Source "ChessBase"]
[SourceDate "2024.10.14"]
[SourceVersion "1"]
[SourceVersionDate "2024.10.14"]
[SourceQuality "1"]

1. e4 e6 2. d4 d5 3. Nc3 c5 4. Nf3 Nc6 5. Bb5 Qb6 6. Bxc6+ Qxc6 7. Ne5 Qc7 8. 0-0 f6 9. Nf3 Bd6 10. exd5 Ne7 11. dxe6 Bxe6 12. Re1 Bg4 13. g3 0-0 14. Qd3 Qc6 15. Nd2 Bh3 16. Qe4 Qd7 17. dxc5 Bxc5 18. Qc4+ Kh8 19. Qxc5 Rfe8 20. Nc4 Nf5 21. Rxe8+ Rxe8 22. Bd2 Qe6 23. b3 b6 24. Qc7 Nd4 25. f3 Nxf3+ 26. Kf2 Nxd2 27. Nxd2 Qe3# 0-1

[Event "ESP-ch U10"]
[Site "Salobrena"]
[Date "2024.07.01"]
[Round "1"]
[White "Cid Marcos, Laia"]
[Black "Cabrera Alba, Juan"]
[Result "1-0"]
[WhiteElo "1606"]
[BlackElo "1599"]
[PlyCount "79"]
[EventDate "2024.07.01"]
[EventType "swiss"]
[EventRounds "9"]
[EventCountry "ESP"]
[SourceTitle "EXT 2025"]
[Source "ChessBase"]
[SourceDate "2024.10.14"]
[SourceVersion "1"]
[SourceVersionDate "2024.10.14"]
[SourceQuality "1"]

1. e4 e5 2. Nf3 Nc6 3. d4 exd4 4. Nxd4 Nxd4 5. Qxd4 Nf6 6. e5 Ng8 7. Nc3 d6 8. exd6 Bxd6 9. Be3 Nf6 10. 0-0-0 0-0 11. Nb5 Ne8 12. Nxd6 Qxd6 13. Qc3 Qe6 14. Bc4 Qc6 15. f3 Be6 16. Bxe6 Qxe6 17. Kb1 c6 18. Bc5 b6 19. Bxf8 Kxf8 20. Rhe1 Qc8 21. Qe5 Nf6 22. g4 h6 23. c4 c5 24. h4 Nh7 25. Qe7+ Kg8 26. Rd7 Qf8 27. Qxf8+ Nxf8 28. Rc7 Ne6 29. Rd7 Nd4 30. f4 Nf3 31. Ree7 Nxh4 32. Rxf7 g6 33. Rg7+ Kf8 34. Rh7 Kg8 35. Rxh6 Ng2 36. Rxg6+ Kf8 37. f5 Nf4 38. Rh6 Kg8 39. f6 Rf8 40. Rg7# 1-0